Empresa agraria y sus contratos de negocios /
Guardado en:
| Autor Principal: | |
|---|---|
| Otros Autores: | |
| Formato: | Libro |
| Idioma: | Spanish |
| Publicado: |
Buenos Aires :
Facultad de Agronomía,
2003.
|
| Materias: | |
| Etiquetas: |
Agregar Etiqueta
Sin Etiquetas, Sea el primero en etiquetar este registro!
|
| LEADER | 00746nam a22002055a 4500 | ||
|---|---|---|---|
| 001 | EAD.ead000592 | ||
| 008 | 061012s2003####ag############000#0#spa#d | ||
| 005 | 20070220163051.0 | ||
| 245 | 1 | 0 | |a Empresa agraria y sus contratos de negocios / |c Susana N. Formento, con la colaboración de Ana Ferrazzino. |
| 260 | |a Buenos Aires : |b Facultad de Agronomía, |c 2003. | ||
| 300 | |a xxx, 324 p. ; |c 23 cm. | ||
| 020 | |z 9502907329. | ||
| 100 | 1 | |a Formento, Susana N. | |
| 700 | 1 | |a Ferrazzino, Ana. | |
| 082 | 0 | 4 | |a 630.68 |2 21 |
| 653 | |a Empresas agrícolas | ||
| 650 | 7 | |a Alianzas económicas estratégicas. |2 unbist | |
| 650 | 7 | |a Contratos agrícolas. |2 unbist | |
| 650 | 7 | |a Empresas familiares. |2 unbist | |
| 859 | |a AR-BaBDC |b BIB. ADMINISTRACION - Libros |h 630.68 |i F766 |p b05405 | ||
